|
|
|
|
| LEADER |
01615nam a2200421Ia 4500 |
| 001 |
EBC3420806 |
| 003 |
MiAaPQ |
| 005 |
20200520144314.0 |
| 006 |
m o d | |
| 007 |
cr cn||||||||| |
| 008 |
110602s2012 ctua sb 001 0 eng d |
| 010 |
|
|
|z 2011022693
|
| 020 |
|
|
|z 0300153163
|
| 020 |
|
|
|z 9780300153163
|
| 020 |
|
|
|z 9780300153170
|
| 035 |
|
|
|a (MiAaPQ)EBC3420806
|
| 035 |
|
|
|a (Au-PeEL)EBL3420806
|
| 035 |
|
|
|a (CaPaEBR)ebr10546765
|
| 035 |
|
|
|a (CaONFJC)MIL360122
|
| 035 |
|
|
|a (OCoLC)923597522
|
| 040 |
|
|
|a MiAaPQ
|c MiAaPQ
|d MiAaPQ
|
| 050 |
|
4 |
|a HG6007
|b .N43 2012
|
| 082 |
0 |
4 |
|a 338.5/42
|2 23
|
| 100 |
1 |
|
|a Neal, Larry,
|d 1941-
|
| 245 |
1 |
0 |
|a I am not master of events
|h [electronic resource] :
|b the speculations of John Law and Lord Londonderry in the Mississippi and South Sea bubbles /
|c Larry Neal.
|
| 260 |
|
|
|a New Haven :
|b Yale University Press,
|c c2012.
|
| 300 |
|
|
|a xiv, 214 p. :
|b ill.
|
| 490 |
1 |
|
|a Yale series in economic and financial history
|
| 504 |
|
|
|a Includes bibliographical references and index.
|
| 533 |
|
|
|a Electronic reproduction. Ann Arbor, MI : ProQuest, 2015. Available via World Wide Web. Access may be limited to ProQuest affiliated libraries.
|
| 600 |
1 |
0 |
|a Law, John,
|d 1671-1729.
|
| 610 |
2 |
0 |
|a South Sea Company.
|
| 650 |
|
0 |
|a Business cycles
|x History
|y 18th century.
|
| 650 |
|
0 |
|a Financial crises
|x History
|y 18th century.
|
| 655 |
|
4 |
|a Electronic books.
|
| 710 |
2 |
|
|a ProQuest (Firm)
|
| 830 |
|
0 |
|a Yale series in economic and financial history.
|
| 856 |
4 |
0 |
|u https://ebookcentral.proquest.com/lib/matrademy/detail.action?docID=3420806
|z Click to View
|